| LEADER | 00824nam a2200205 u 4500 | ||
|---|---|---|---|
| 001 | 10058171 | ||
| 003 | GR-PaULI | ||
| 005 | 20210117211159.0 | ||
| 008 | 061019s1957 gr gre | ||
| 952 | |0 0 |1 0 |2 ddc |4 0 |6 889_334000000000000_ΚΩΣ |7 0 |9 244138 |a LISP |b LISP |c ADM |d 2020-10-02 |e ΚΑΛ |i 12496 |l 0 |o 889.334 ΚΩΣ |p 025000276204 |r 2020-10-02 00:00:00 |t 1 |v 2020.00 |w 2020-10-02 |y BKN | ||
| 999 | |c 147324 |d 147324 | ||
| 040 | |a GR-PaULI |c GR-PaULI |b gre |e AACR2 | ||
| 082 | 0 | 4 | |a 889.334 |2 23 |
| 100 | 1 | |9 142935 |a Κωστάκης, Θανάσης Π., |d 1908-2007 |e συγγραφέας. | |
| 245 | 1 | 0 | |a Μόχτος : |b διηγήματα / |c Θανάση Π. Κωστάκη. |
| 260 | |a Αθήναι : |b [χ.ό.], |c 1957. | ||
| 300 | |a 87 σ. ; |b |c 21 εκ. | ||
| 655 | 4 | |a Διηγήματα | |
| 942 | |2 ddc |c BKN | ||
| 998 | |c ΜΠΟΥΡΑΣ |d 2020-09 | ||